[Event "HUN-chT BAZ megyei CSB 2122"]
[Site "Hungary"]
[Date "2022.03.06"]
[Round "8.10"]
[White "Haraszti, Laszlo"]
[Black "Szigeti, Mihaly"]
[Result "0-1"]
[WhiteElo "1391"]
[BlackElo "1645"]
[PlyCount "135"]
[EventDate "2021.10.17"]
[EventType "team-tourn"]
[EventRounds "9"]
[EventCountry "HUN"]
[SourceTitle "EXT 2025"]
[Source "ChessBase"]
[SourceDate "2024.10.14"]
[SourceVersion "1"]
[SourceVersionDate "2024.10.14"]
[SourceQuality "1"]
[WhiteTeam "Szirmabesenyo II"]
[BlackTeam "Ozdi Sakk SE"]
[WhiteTeamCountry "HUN"]
[BlackTeamCountry "HUN"]

1. d4 c6 2. e4 d6 3. c4 a6 4. Nc3 g6 5. Nf3 Bg7 6. Bg5 Bg4 7. Be2 h6 8. Bh4 Bxf3 9. Bxf3 Nd7 10. 0-0 Qb6 11. Na4 Qxd4 12. Qxd4 Bxd4 13. Rad1 Be5 14. Be2 b5 15. Nc3 Bxc3 16. bxc3 Nc5 17. f3 0-0-0 18. cxb5 cxb5 19. c4 b4 20. Be1 a5 21. a3 b3 22. Bxa5 Rd7 23. Rb1 Rb7 24. Bb4 Nf6 25. e5 Nfd7 26. exd6 exd6 27. f4 Kc7 28. Bf3 Ra7 29. Rfe1 Kd8 30. Bc6 Nd3 31. Re3 N7c5 32. Bc3 Rg8 33. a4 Nxf4 34. Rd1 Nb7 35. Bb5 Ne6 36. Bf6+ Kc7 37. Rxb3 Nbc5 38. Ra3 Rga8 39. Be7 Nxa4 40. Bxd6+ Kb6 41. Bg3 Nac5 42. Rd6+ Kb7 43. Bc6+ Kc8 44. Rxa7 Rxa7 45. Be5 Ra6 46. Be8 Rxd6 47. Bxd6 Ne4 48. Bb4 g5 49. Bxf7 Kd7 50. Bg6 N6c5 51. g3 Ke6 52. Kg2 Kf6 53. Bh7 Kg7 54. Bf5 Kf6 55. Bg4 Nd3 56. Ba5 Ne5 57. Be2 g4 58. Bb6 h5 59. Bd4 Ke6 60. h3 Nf3 61. Be3 Ne5 62. Bf4 Nc3 63. Bf1 Nf3 64. Kf2 Ne4+ 65. Ke3 Nc5 66. h4 Nb3 67. Be2 Nbd4 68. Bd3 0-1

[Event "HUN-chT BAZ megyei CSB 2122"]
[Site "Hungary"]
[Date "2022.01.16"]
[Round "5.10"]
[White "Zadori, Janos"]
[Black "Haraszti, Laszlo"]
[Result "1-0"]
[WhiteElo "1313"]
[BlackElo "1429"]
[PlyCount "101"]
[EventDate "2021.10.17"]
[EventType "team-tourn"]
[EventRounds "9"]
[EventCountry "HUN"]
[SourceTitle "EXT 2025"]
[Source "ChessBase"]
[SourceDate "2024.10.14"]
[SourceVersion "1"]
[SourceVersionDate "2024.10.14"]
[SourceQuality "1"]
[WhiteTeam "Hidasnemeti VSC"]
[BlackTeam "Szirmabesenyo II"]
[WhiteTeamCountry "HUN"]
[BlackTeamCountry "HUN"]

1. c4 c5 2. Nc3 g6 3. e4 Bg7 4. Nf3 Nc6 5. a3 Nf6 6. Be2 0-0 7. 0-0 a6 8. h3 d6 9. d3 Nd4 10. Be3 e5 11. Nh2 Qb6 12. Rb1 Bd7 13. b4 Qc7 14. Bg5 Be6 15. Bxf6 Nxe2+ 16. Qxe2 Bxf6 17. Nd5 Bxd5 18. cxd5 cxb4 19. Rfc1 Qd7 20. Rxb4 Rfc8 21. Rcb1 Rc7 22. Ng4 Bd8 23. Ne3 Rac8 24. Nc4 b5 25. Ne3 Rc1+ 26. Kh2 Rxb1 27. Rxb1 Rc3 28. Nc2 Qc8 29. Nb4 Rxa3 30. Nc6 Bf6 31. Rc1 Kg7 32. Rc2 Qb7 33. Qd2 h6 34. g3 Bg5 35. f4 exf4 36. gxf4 Bh4 37. Qe3 Ra1 38. Qd4+ Bf6 39. e5 Bxe5 40. fxe5 Ra4 41. Qe3 Qd7 42. e6 fxe6 43. dxe6 Qe8 44. Qa7+ Kf6 45. Rf2+ Kg5 46. Qe3+ Kh5 47. Nd4 Qa8 48. e7 Ra1 49. Rf3 Qxf3 50. Qxf3+ Kg5 51. Ne6+ 1-0

[Event "HUN-chT2 Asztalos 0910"]
[Site "Hungary"]
[Date "2010.04.18"]
[Round "10"]
[White "Haraszti, Laszlo"]
[Black "Molnar, Szabolcs"]
[Result "1/2-1/2"]
[WhiteElo "1944"]
[BlackElo "1975"]
[PlyCount "67"]
[EventDate "2009.11.08"]
[EventType "team-tourn"]
[EventRounds "11"]
[EventCountry "HUN"]
[SourceTitle "EXT 2011"]
[Source "ChessBase"]
[SourceDate "2010.11.26"]
[SourceVersion "1"]
[SourceVersionDate "2010.11.26"]
[SourceQuality "1"]
[WhiteTeam "Siklos"]
[BlackTeam "Dombovar"]
[WhiteTeamCountry "HUN"]
[BlackTeamCountry "HUN"]

1. e4 c5 2. Nf3 d6 3. d4 cxd4 4. Nxd4 Nf6 5. Bd3 a6 6. h3 e6 7. Be3 Be7 8. 0-0 Qc7 9. c4 0-0 10. Nc3 Nbd7 11. Rc1 Nc5 12. Bb1 b6 13. b3 Bb7 14. f3 Rfd8 15. Qc2 Rac8 16. Rfd1 g6 17. Qf2 Qb8 18. Nde2 a5 19. Kh1 d5 20. cxd5 exd5 21. Bf4 Bd6 22. Bxd6 Qxd6 23. exd5 Nxd5 24. Nxd5 Bxd5 25. Nc3 Qf4 26. Ne2 Qf6 27. Rd4 Bb7 28. Rcd1 Ne6 29. Rxd8+ Rxd8 30. Rxd8+ Qxd8 31. Nc3 Nc5 32. Qe3 Qf6 33. Bc2 Bc6 34. Bb1 1/2-1/2